000 00292nam a22001097a 4500
008 160507b xxu||||| |||| 00| 0 eng d
020 _a0721623026
041 _aeng
080 _a61
245 _aPathologic basis of disease:
_cRamzi S. Cotran; Vinay Kumar; Stanley L. Robbins;
942 _2udc
_cBK
999 _c1879
_d1879